00000000nam##2200000za#4500
0019.700338
003CaOODSP
00520240215150448
007cr |||||||||||
008150407|2007||||xxc|||||o    f|0| 0 eng|d
040 |aCaOODSP|beng
043 |an-cn---
0861 |aPS84-44/2007E-PDF
1102 |aCorrectional Service Canada.
24510|aFamilies of offenders : |h[electronic resource]|bpolicy and practice in corrections / |c[by] Lloyd Withers, editor.
260 |aOttawa - Ontario : |bCorrectional Service Canada |cMarch 2007.
300 |a230p.|bglossary, references
500 |a"Legal and policy framework ; general principles ; engaging the family in the correctional process ; assessing family need ; elements of correctional practice with families ; staff selection and evaluation ; resources for service providers"--Cover.
590 |a15-02-Supp|b2015-02-16
69007|aFamily|2gcpds
69007|aInmates|2gcpds
85640|ahttp://publications.gc.ca|qPDF|s818 KB|uhttps://publications.gc.ca/collections/collection_2015/sp-ps/PS84-44-2007-eng.pdf